00661nam a2200193 a 4500008004100000020002200041100001700063245009600080260003100176300007400207440003400281504004100315500002000356650003600376650002800412003000100440005001700441040000900458  a0471324310 (hbk.)1 aNair, Mohan.10aActivity-based information systems :ban executive's guide to implementation /cMohan Nair. aNew York :bWiley,cc1999. axv, 221 p. :bill. ;c24 cm. +e1 computer optical disk (4 3/4 in.). 0aWiley cost management series. aIncludes bibliographical references. aIncludes index. 0aManagement information systems. 0aActivity-based costing.20230123133842.0 cNUST